|
|
|
|
| LEADER |
00000nam a2200000 a 4500 |
| 005 |
20110729144536.0 |
| 007 |
cr ||||||||||| |
| 008 |
110228s2009 sp |||||s 00| ||spa|c |
| 020 |
|
|
|a 9788498493818
|
| 035 |
|
|
|a 4801
|
| 040 |
|
|
|d vLex
|
| 090 |
|
|
|c 2243
|d 2243
|
| 100 |
1 |
|
|a Palomar Olmeda, Alberto
|
| 245 |
1 |
0 |
|a Manual para licitadores y contratistas del sector pb︢lico
|h [Recurso electrn̤ico] /
|c Alberto Palomar Olmeda, Javier Vz̀quez Garranzo
|
| 256 |
|
|
|a Servicio en ln̕ea.
|
| 260 |
|
|
|a Madrid :
|b Dykinson,
|c 2009
|
| 300 |
|
|
|a 1 recurso electrn̤ico
|
| 500 |
|
|
|a Descripcin̤ hecha el 28 de febrero de 2011
|
| 506 |
1 |
|
|a Contenido solo disponible en los productos indicados
|d vLex Global
|d vLex Global (Academic Edition, excluding Law Schools)
|d vLex Global (U.S. Academic Edition, Law Schools)
|d vLex Global (U.S. Academic Edition, excluding Law Schools)
|d vLex Global (Academic Edition, Law Schools)
|
| 650 |
0 |
7 |
|a Contratos administrativos
|2 Tesauro vLex
|
| 650 |
0 |
7 |
|2 Tesauro vLex
|a Licitacin̤ pb︢lica
|
| 650 |
0 |
7 |
|2 Tesauro vLex
|a Contratistas de la Administracin̤
|
| 700 |
1 |
|
|a Vz̀quez Garranzo, Javier
|
| 740 |
0 |
|
|a vLex Libros (Servicio en ln̕ea)
|
| 856 |
4 |
0 |
|z Acceso restringido
|u http://vlex.com/source/manual-licitadores-contratistas-sector-publico-4801
|
| 942 |
|
|
|c BOOK
|